|
|
|
|
| LEADER |
00000nab a2200000 a 4500 |
| 001 |
vtls010253697 |
| 003 |
SK-MaSNL |
| 005 |
20260304234946.0 |
| 008 |
14052219c2006 xo o e sl |
| 035 |
|
|
|a SVKKK000080609
|
| 038 |
|
|
|a SVKKK
|
| 040 |
|
|
|a SVKKK
|b slo
|c SVKKK
|e AACR2
|
| 041 |
0 |
|
|a slo
|b eng
|b slo
|
| 044 |
|
|
|a xo
|c SK
|
| 080 |
|
|
|a 621.791.94
|2 1997
|
| 080 |
|
|
|a 621.791.945
|2 1997
|
| 100 |
1 |
|
|a Hudák, Július
|4 aut
|9 6217
|
| 245 |
1 |
0 |
|a Technicko-ekonomické porovnanie tepelného delenia materiálov plazmou a laserom =
|b Technical and economical comparison of material cutting by plasma and laser
|c Július Hudák
|
| 300 |
|
|
|b Obr., tab.
|
| 504 |
|
|
|a Bibliogr. odkazy
|
| 504 |
|
|
|a Res. angl., slov.
|
| 650 |
0 |
7 |
|a rezanie laserom
|2 SNKPH
|9 502585
|
| 650 |
0 |
7 |
|a plazmové rezanie
|2 SNKPH
|9 54754
|
| 650 |
0 |
7 |
|a konštrukčné materiály
|2 SNKPH
|9 2639
|
| 773 |
0 |
|
|t zváranie
|g Roč. 55, č. 5 (2006), s.1144-147
|x 0044-5525
|
| 852 |
|
|
|a SVKKK
|b BIB
|
| 958 |
|
|
|a NB
|
| 999 |
|
|
|c 3206549
|d 3208479
|